000 00574nam a22001937a 4500
003 NUST
005 20220420100823.0
008 150923b xxu||||| |||| 00| 0 eng d
038 _aMuhammad Ibrahim
040 _cLIBRARY
082 _a958.1045
_2FEI 2009
100 _aFeifer, Gregory
_991048
245 _aThe great gamble :
_bthe Soviet war in Afghanistan
_cGregory Feifer
260 _c2009
_aLahore
_b ‎ Harper Perennial Reprint edition
300 _a326p.
563 _aH.B
650 _aSoviet Occupation of Afghanistan (1979-1989)
_991049
942 _2ddc
_cBK
999 _c589237
_d589237